LEADER 01285nam a2200313 u 4500 001 000000057249 003 CaOOAMICUS 005 20070226120549.0 008 010504s2000 gw u000 u ger u 020 $a3894110686 035 $a10887238 040 $aPUL$bita$dPUL 100 1 $aBalthasar, Hans Urs von,$ccardinale,$d1905-1988.$0(OLS)http://pul/name/1429 245 10$aGlaubhaft ist nur Liebe /$cHans Urs von Balthasar. 250 $a6. Aufl. 260 $aEinsiedeln :$bJohannes Verlag,$c2000. 300 $a102 p. ;$c19 cm 490 1 $aChrist heute.$aFünfte Reihe ;$v1 650 4$aCristianesimo.$0(OLS)http://pul/subject/787 650 4$aAmore (teologia).$0(OLS)http://pul/subject/20975 650 4$aDio$xAmore.$0(OLS)http://pul/subject/12087 830 0$aChrist heute.$pFünfte Reihe ;$v1.$0(OLS)http://pul/title/76636 850 $aPUL 852 $aPUL$W1$xDP2 Religione 3$y114$m230 BALHA 5$j175611$nBK-PRI$b $qDDC 21$B74928$CPULBib$Z2$F74928 $H84531 $81 941 1 $a9 961 $aPrecedente Collocazione: Teo 2 5.1 996 $6020$a3894110686$9(OLS)http://pul/number/72311 996 $6245$aGlaubhaft ist nur Liebe$9(OLS)http://pul/title/76635 996 $6260$aEinsiedeln :$bJohannes Verlag$9(OLS)http://pul/publisher/66113 LEADER 01289cam a2200277 a 4500 001 000000104696 003 CaOOAMICUS 005 20070424182036.0 008 070424s2006 it bl 000 0 ita 020 $a88-13-26990-0 040 $aDLC$b $cDLC$dDLC$dPUL$dLDA 245 00$aCommentario delle Norme contro la violenza sessuale e contro la pedofilia /$ca cura di Alberto Cadoppi ; scritti di Alberto Cadoppi ... [et al.]. 250 $a4a ed. 260 $aPadova :$bCEDAM,$cc.2006. 300 $axviii, 1055 p. ;$c24 cm. 504 $aInclude riferimenti bibliografici 610 14$aItalia$xLeggi, statuti, ecc.$0(OLS)http://pul/subject/2360 650 4$aDiritto penale$zItalia.$0(OLS)http://pul/subject/10217 650 4$aPedofilia.$0(OLS)http://pul/subject/27607 700 1 $aCadoppi, Alberto,$d1957-$0(OLS)http://pul/name/59414 850 $aPUL 852 $aPUL$W1$xSL Diritto e Scienze Sociali 3$y79$m345. 45 CADAL 1$j117258$qDDC 21$q $B117218$CPULBib$Z2$F117218 $H104227 $81 941 1 $a9 996 $6020$a88-13-26990-0$9(OLS)http://pul/number/134102 996 $6245$aCommentario delle Norme contro la violenza sessuale e contro la pedofilia$9(OLS)http://pul/title/131687 996 $6260$aPadova :$bCEDAM$9(OLS)http://pul/publisher/48126